000 01257nab a22002777a 4500
999 _c5946
_d5946
003 OSt
005 20260114022035.0
008 190605e xxu||||| |||| 00| 0 spa d
040 _cPJ
100 _95303
_aTemperoni, Juan Facundo
245 1 0 _aAlgunas valoraciones sobre la regulación nacional en materia de salud y seguridad en el teletrabajo /
_cJuan Facundo Temperoni.
260 _aCiudad Autónoma de Buenos Aires :
_bThomson Reuters La Ley,
_c2024.
300 _ap. 86-90
500 _aCita: TR LALEY AR/DOC/894/2024.
505 _aSumario: I. Consagración normativa y concepto de teletrabajo.— II. Salud y seguridad en el teletrabajo conforme el ordenamiento jurídico laboral vigente.— III. Balance.
505 _t¿Te interesa el texto completo? Solicitalo al correo: koha@justierradelfuego.gov.ar
650 0 _91316
_aDERECHO LABORAL
650 0 _9289
_aTECNOLOGIA DE LA INFORMACION
650 0 _9273
_aDERECHO INFORMATICO
650 0 _94439
_aTELETRABAJO
650 0 _95233
_aPANDEMIA
650 0 _95817
_aINTELIGENCIA ARTIFICIAL
650 0 _9281
_aINTERNET
773 0 _02711
_93168
_dCiudad Autónoma de Buenos Aires : Thomson Reuters La Ley, 1999-2002.
_tRevista de derecho del trabajo. Nº 3 - Mayo 2024
942 _2udc
_cANA